Meilleurs buteurs de Ligue 1 en activité - Statistiques

Statistiques générales
  • Ce quiz a été pris 162 fois
  • Le résultat moyen est 6 sur 10
Statistiques - réponses
Club Nombre de matchs Nombre de buts Joueur % Correct
Olympique Lyonnais 277 148 Alexandre Lacazette
100%
LOSC Lille 157 78 Jonathan David
98%
OGC Nice 274 78 Gaëtan Laborde
66%
Montpellier HSC 178 47 Téji Savanier
65%
Stade Rennais 158 45 Amine Gouiri
48%
LOSC Lille 316 59 Rémy Cabella
45%
Le Havre AC 205 52 André Ayew
40%
Montpellier HSC 298 74 Wahbi Khazri
39%
OGC Nice 133 51 Terem Moffi
34%
Stade Rennais 278 45 Ludovic Blas
25%
Aucun quiz correspondant
Distribution des résultats
% des personnes avec chaque résultat
Percentile par nombre de réponses
Votre historique - résultats
Vous n’avez pas pris ce quiz